The time machine / (Record no. 3727)

MARC details
000 -LEADER
fixed length control field 01170nam a22002417a 4500
001 - CONTROL NUMBER
control field 3727
003 - CONTROL NUMBER IDENTIFIER
control field FISKH
005 - DATE AND TIME OF LATEST TRANSACTION
control field 20240425093022.0
008 - FIXED-LENGTH DATA ELEMENTS--GENERAL INFORMATION
fixed length control field 240425b cb ||||| |||| 00| 0 eng d
040 ## - CATALOGING SOURCE
Original cataloging agency FISK
Language of cataloging eng
Transcribing agency FISK
Modifying agency FISK
050 ## - LIBRARY OF CONGRESS CALL NUMBER
Classification number PR5774.T5
082 ## - DEWEY DECIMAL CLASSIFICATION NUMBER
Classification number 823.912
100 ## - MAIN ENTRY--PERSONAL NAME
Personal name Wells H. G.
Dates associated with a name 1866-1946
245 ## - TITLE STATEMENT
Title The time machine /
260 ## - PUBLICATION, DISTRIBUTION, ETC.
Place of publication, distribution, etc. Great Britain :
Name of publisher, distributor, etc. William Collins,
Date of publication, distribution, etc. 2017
300 ## - PHYSICAL DESCRIPTION
Extent 128 pages :
Dimensions 18 cm
505 ## - FORMATTED CONTENTS NOTE
Formatted contents note M
520 ## - SUMMARY, ETC.
Summary, etc. H. G. Wells' The Time Machine, from 1895, popularized the idea of a vehicle that allows its user to travel intentionally and selectively across time, and indeed Wells is credited with coining the very term "time machine." The Time Traveler of this novella tests his time machine with a leap forward to the year 802,701 A.D., to find that evolution has produced two very different post-human races - the peaceful and childlike fruit-eating Eloi and the Morlocks - pale, darkness-dwelling troglodites who operate the underground machinery that makes this seeming paradise possible.
521 8# - TARGET AUDIENCE NOTE
Target audience note estimates,
Source Lexiles NP
700 ## - ADDED ENTRY--PERSONAL NAME
Personal name H. G. Wells
942 ## - ADDED ENTRY ELEMENTS (KOHA)
Source of classification or shelving scheme Library of Congress Classification
Koha item type Books
Suppress in OPAC No
Holdings
Withdrawn status Lost status Source of classification or shelving scheme Damaged status Not for loan Collection Home library Current library Shelving location Date acquired Total Checkouts Full call number Barcode Date last seen Copy number Price effective from Koha item type
    Library of Congress Classification     Fiction Footprints International School Library Network Toul Tom Poung Campus Footprints International School Library Network Toul Tom Poung Campus TTP Secondary Fiction Bookshelves 04/25/2024   WEL PR5774.T5 823.912 2024-0525 04/25/2024 1 04/25/2024 Books